Datum a čas kvízu
33
Celkem bodů
Celkový počet nahraných bodů na tomto kvízu bez doplňovacích otázek.
9.
Pořadí na kvízu
Konečné umístění týmu na tomto kvízu.
Zaznamenané odpovědi
| # | Otázka | Odpověď | Body | Výsledky |
|---|---|---|---|---|
| 1. | Vítězkou soutěže krásy Miss Ea... | Natálie Puškinová | 0 | |
| 2. | Slovenský ministr cestovního r... | říhnul si | 1 | |
| 3. | 46letá polsko-italská herečka... | C) je zastánkyní práva na potrat | 0 | |
| 4. | Ke 100. výročí založení Národn... | guvernér ČNB; Aleš Michl | 0 | |
| 5. | Tým Buggyra Racing představil... | Invictus | 0 | |
| 6. | První novodobé hry se konaly v... | C | 1 | |
| 7. | U maratonu ještě zůstaneme. Me... | v Římě, běžel bosky | 0.5 | |
| 8. | V Calgary se v roce 1988 na st... | Eddie Eagle/orel Eddie/The Eagle; skoky na lyžích | 1 | |
| 9. | Nyní se přeneseme na olympijsk... | Kateřina Kůrková, Matthew Emmons | 0.5 | |
| 10. | Na závěr postupně uslyšíte tři... | 3, 2, 1 | 1 |